Protected areas and biodiversity : (Registro nro. 4115)

Detalles MARC
000 -CABECERA
Campo de control 01046nam a2200265 a 4500
005 - FECHA Y HORA DE LA ULTIMA TRANSACCION
Campo de control 20200104041547.0
008 - ELEMENTOS DE LONGITUD FIJA—INFORMACION GENERAL
Campo de control 040427s2004 qucab b 000 0 eng
020 ## - ISBN
ISBN 9280424045
040 ## - FUENTE DE CATALOGACIÓN
Agencia catalogadora original Uk
Agencia transcriptora Uk
Agencia Modificadora CO-BoIAVH
041 0# - IDIOMA
Código de idioma para texto/pista de sonido o título separado Inglés
044 ## - PAÍS DE PUBLICACIÓN
País de publicación Canadá
082 04 - NUMERO DE CLASIFICACION DECIMAL DEWEY
Número de clasificación 333.9516
Número del ítem P96a
245 00 - MENCION DE TITULO
Título Protected areas and biodiversity :
Parte restante del título an overview of key issues /
Mención de responsabilidad editado por Kalemani Jo Mulongoy and Stuart Chape.
260 ## - PUBLICACION, DISTRIBUCION, ETC. (PIE DE IMPRENTA)
Lugar de publicación, distribución, etc. Montreal (Canadá) :
Nombre del editor, distribuidor, etc. Convention on Biological Diversity ;
Lugar de publicación, distribución, etc. Cambridge :
Nombre del editor, distribuidor, etc. UNEP World Conservation Monitoring Centre,
Fecha de publicación, distribución, etc. 2004.
300 ## - DESCRIPCION FISICA
Extensión 52 páginas :
Otros detalles físicos ilustraciones a color y mapas ;
Dimensiones 30 x 21 cm.
504 ## - NOTA DE BIBLIOGRAFIA, ETC.
Nota de bibliografía Incluye referencias bibliográficas.
650 26 - ASIENTO SECUNDARIO DE MATERIA - TERMINO TEMATICO
Término temático o nombre geográfico como elemento de entrada Conservación de la diversidad biológica
9 (RLIN) 86688
650 26 - ASIENTO SECUNDARIO DE MATERIA - TERMINO TEMATICO
Término temático o nombre geográfico como elemento de entrada Áreas protegidas
9 (RLIN) 78
650 26 - ASIENTO SECUNDARIO DE MATERIA - TERMINO TEMATICO
Término temático o nombre geográfico como elemento de entrada Biodiversidad
9 (RLIN) 92204
650 26 - ASIENTO SECUNDARIO DE MATERIA - TERMINO TEMATICO
Término temático o nombre geográfico como elemento de entrada Desarrollo sostenible
9 (RLIN) 278
700 1# - ASIENTO SECUNDARIO - NOMBRE PERSONAL
Nombre personal Mulongoy, Kalemani Jo
Término de relación editor
9 (RLIN) 72940
700 1# - ASIENTO SECUNDARIO - NOMBRE PERSONAL
Nombre personal Chape, Stuart
Término de relación editor
9 (RLIN) 86692
710 2# - ASIENTO SECUNDARIO - NOMBRE CORPORATIVO
Nombre corporativo o de jurisdicción como elemento de entrada UNEP World Conservation Monitoring Centre.
9 (RLIN) 55564
942 ## - ELEMENTOS ADICIONALES (KOHA)
Sistema de clasificación Dewey Decimal Classification
Tipo de ítem Libro
Existencias
Withdrawn status Lost status Sistema de Clasificación Damaged status No para préstamo Colección Inventariado Ubicación Permanente Ubicación actual Fecha de adquisición Fuente de Valor Valor Total Checkouts Número topográfico Inventario / Código de Barras Date last seen Ejemplar Price effective from Forma de adquisición Tipo de material
    Dewey Decimal Classification     General Inventariado 2017 Sala Fabio Quevedo Sala Fabio Quevedo 23/08/2004 Instituto 15000.00   LB-333.9516 P96a 016533 04/12/2012 Ej. 1 04/12/2012 Donación Libro